000 00273nam a22001337a 4500
008 170202b xxu||||| |||| 00| 0 eng d
020 _a94017
041 _aeng
080 _22ND
_a61
100 _a3
101 _aSHM
245 _aMEDICINE
_cWILKINS, R.W
942 _2udc
_cBK
999 _c4297
_d4297